[Event "TCh-CZE Div1 Zapad 2012-13"]
[Site "Czech Republic CZE"]
[Date "2012.11.11"]
[Round "2.4"]
[White "Cuhra,M"]
[Black "Jurek,J"]
[Result "1/2-1/2"]
[WhiteElo "2236"]
[BlackElo "2318"]

1.d4 Nf6 2.c4 e6 3.Nc3 Bb4 4.f3 d5 5.a3 Bxc3+ 6.bxc3 c6 7.e3 O-O 8.Bd3 b6
9.Ne2 Ba6 10.cxd5 Bxd3 11.Qxd3 cxd5 12.O-O Nc6 13.e4 Qd7 14.a4 Kh8 15.e5 Ng8
16.f4 f5 17.exf6 Rxf6 18.g4 Nge7 19.Ba3 Re8 20.Rf3 Kg8 21.Re1 Nc8 22.Ng3 Na5
23.Qb5 Qxb5 24.axb5 Nc4 25.Bb4 N8d6 26.Bxd6 Nxd6 27.Rb1 Ref8 28.Nh5 R6f7
29.g5 Ne4 30.Re3 Rc8 31.Rb3 Rfc7 32.Ng3 Rxc3 33.Nxe4 Rxb3 34.Rxb3 dxe4 35.Kf2 Rc2+
36.Ke3 Rxh2 37.Kxe4 Re2+ 38.Kd3 Ra2 39.Ke4 Re2+ 40.Kd3 Ra2 41.Ke4 Kf7 42.Rc3 h6
43.Rc7+ Kg6 44.Re7 hxg5 45.fxg5 Kxg5 46.Rxg7+ Kf6 47.Rh7 Rb2 48.Rxa7 Rxb5
49.Rh7 Rb1 50.Rb7 Rb3 51.Kf4 Rb4 52.Ke3 Rb3+ 53.Kf4 Rb1 54.Ke4 b5 55.Rb6 b4
56.d5 b3 57.dxe6 b2 58.Kd3 Rd1+ 59.Kc2 b1=Q+ 60.Rxb1  1/2-1/2

[Event "WY BU16 2012"]
[Site "Maribor SLO"]
[Date "2012.11.11"]
[Round "4.27"]
[White "Hackner,Oskar A"]
[Black "Kvetny,M"]
[Result "1/2-1/2"]
[WhiteElo "1985"]
[BlackElo "2210"]

1.d4 Nf6 2.c4 e6 3.Nc3 Bb4 4.f3 c5 5.d5 b5 6.e4 O-O 7.e5 Ne8 8.f4 exd5 9.cxd5 d6
10.Nf3 Nc7 11.Bd3 c4 12.Be4 f5 13.exf6 Qxf6 14.Qc2 Bf5 15.O-O Nba6 16.a4 Bxc3
17.bxc3 Bxe4 18.Qxe4 Nc5 19.Qc2 Nxd5 20.axb5 Qxc3 21.Qxc3 Nxc3 22.Be3 Nb3
23.Rxa7 Rxa7 24.Bxa7 Nxb5 25.Be3 d5 26.Rd1 d4 27.Bf2 Rxf4 28.Ne5 c3 29.Nd3 Re4
30.Rb1 Re2 31.Rxb3 Rd2 32.Rxb5 Rxd3 33.Bxd4 Rxd4 34.Rc5 Rd1+ 35.Kf2 Rd2+
36.Kf3 c2 37.Rc7 Kf8 38.h4 Ke8 39.g3 Kd8 40.Rc4 Kd7 41.Ke3 Rg2 42.Kf3 Rh2
43.Ke4 Kd6 44.Rc8 h6 45.h5 Kd7 46.Rc3 Ke7 47.Rc6 Kd8 48.Rc5 Kd7 49.g4 Kd6
50.Rc8 Ke6 51.Rc6+ Kf7 52.Ke5 Ke7 53.Rc7+ Kd8 54.Rc3 Kd7 55.Rc4 Rg2 56.Kf4 Kd6
57.Kf3 Rh2 58.Ke4 Rg2 59.Kf3 Kd5 60.Rc7 Rh2 61.Ke3 Rh3+ 62.Kf4 Rh2 63.Ke3 Ke5
64.Rc5+ Kf6 65.Kf4 Rg2 66.Rc6+ Kf7 67.Kf5 Rd2 68.Kf4 Ke7 69.Ke5 Kd7 70.Rc4 Re2+
71.Kf4 Kd6 72.Kf3 Kd5 73.Rc7 Rd2 74.Ke3 Rh2 75.Rc8 Ke5 76.Rc5+ Kf6 77.Kf4 Rd2
78.Rc6+ Ke7 79.Ke3 Kd7 80.Kxd2 Kxc6  1/2-1/2

[Event "WY GU18 2012"]
[Site "Maribor SLO"]
[Date "2012.11.12"]
[Round "5.16"]
[White "Vasiljeva,S"]
[Black "Pustovoitova,D"]
[Result "0-1"]
[WhiteElo "1873"]
[BlackElo "2269"]

1.d4 Nf6 2.c4 e6 3.Nc3 Bb4 4.f3 d5 5.a3 Bxc3+ 6.bxc3 O-O 7.e3 c5 8.Bd3 dxc4
9.Bxc4 Qc7 10.Bd3 cxd4 11.Qc2 Qxc3+ 12.Qxc3 dxc3 13.Ne2 Rd8 14.Bc2 b6 15.Nxc3 Ba6
16.Kf2 Nbd7 17.Bb2 Ne5 18.Rad1 Rdc8 19.Rc1 Bb7 20.Nb5 Nc4 21.Bxf6 gxf6 22.Bb3 Ne5
23.Kg3 Nd3 24.Rc7 Ba6 25.Rxc8+ Rxc8 26.Nd4 Rc3 27.Rb1 Nc5 28.Bd1 Rxe3 29.a4 Ra3
30.Nc6 Ne4+ 31.Kh4 Nc3 32.Rc1 Nxd1 33.Rxd1 Rxa4+ 34.g4 Be2 35.Rd8+ Kg7 36.Nd4 Bc4
37.Kh5 Bd5 38.Nb5 Bxf3 39.h3 Ra5  0-1

[Event "WY GU18 2012"]
[Site "Maribor SLO"]
[Date "2012.11.14"]
[Round "7.19"]
[White "Matlin,A"]
[Black "Gelip,I"]
[Result "1/2-1/2"]
[WhiteElo "2064"]
[BlackElo "2016"]

1.d4 Nf6 2.c4 e6 3.Nc3 Bb4 4.f3 O-O 5.a3 Bxc3+ 6.bxc3 b6 7.e4 Ne8 8.Bd3 Ba6
9.a4 Nc6 10.Ba3 d6 11.Nh3 Na5 12.Qe2 Qh4+ 13.Nf2 c5 14.d5 e5 15.g3 Qe7 16.Kd1 Rb8
17.Ng4 Bc8 18.Ne3 Bd7 19.Bc1 Nb3 20.Ra3 Nxc1 21.Kxc1 Nc7 22.Nf5 Bxf5 23.exf5 f6
24.Kd2 Rb7 25.Rb1 Rfb8 26.Rab3 Qd7 27.a5 Qa4 28.Qd1 Na8 29.a6 Re7 30.Ra1 Qe8
31.Rb2 Nc7 32.g4 Qc8 33.h4 Qd7 34.Qf1 Kf7 35.Qg1 Rg8 36.Qf1 Qc8 37.Rba2 Qa8
38.Be4 Rb8 39.Rb1 Rh8 40.Qe2 Qc8 41.Rg1 Ree8 42.Ke3 Qd7 43.g5 Rb8 44.Qg2 Rbg8
45.Qg4 b5 46.gxf6 gxf6 47.Qh5+ Kf8 48.Qh6+ Kf7 49.Rag2 Rxg2 50.Rxg2 Ne8 51.Rb2 b4
52.Bc2 Qc7 53.Ba4 Ng7 54.Kf2 Qc8 55.cxb4 cxb4 56.Bc6 Qxf5 57.Qe3  1/2-1/2

[Event "WY BU16 2012"]
[Site "Maribor SLO"]
[Date "2012.11.16"]
[Round "9.17"]
[White "Lokander,M"]
[Black "Neef,M"]
[Result "0-1"]
[WhiteElo "2238"]
[BlackElo "2132"]

1.d4 Nf6 2.c4 e6 3.Nc3 Bb4 4.f3 d5 5.a3 Be7 6.e4 dxe4 7.fxe4 e5 8.d5 Bc5
9.Nf3 Bg4 10.h3 Bxf3 11.Qxf3 a5 12.Qg3 Nbd7 13.Qxg7 Rg8 14.Qh6 Rg6 15.Qh4 Qe7
16.Bd2 Nxd5 17.Qxh7 Nxc3 18.Qh8+ Nf8 19.Bxc3 O-O-O 20.Qh5 Rf6 21.Rd1 Bf2+
22.Ke2 Ng6 23.Rxd8+ Qxd8 24.Bxe5 Nxe5 25.Qxe5 c6 26.h4 Bd4 27.Qg5 Qb6 28.b4 axb4
29.Rh3 Rf2+ 30.Ke1 bxa3 31.Qg4+ Kd8 32.Qg8+ Ke7 33.Qg5+ Bf6 34.Qc1 Rb2 35.Bd3 Qf2+
36.Kd1 Qg1+ 37.Bf1 Qxf1+  0-1

[Event "11th Kheireddine Ameyar Mem 2012"]
[Site "Algiers ALG"]
[Date "2012.11.19"]
[Round "6.12"]
[White "Ioualalen,Lotfi"]
[Black "Houimel,Omar"]
[Result "1-0"]
[WhiteElo "2119"]
[BlackElo "1753"]

1.d4 Nf6 2.c4 e6 3.Nc3 Bb4 4.f3 b6 5.e4 Bxc3+ 6.bxc3 Ba6 7.Bd3 Nc6 8.Nh3 Qc8
9.e5 Ng8 10.O-O Na5 11.Qe2 Ne7 12.Ba3 c5 13.Ng5 Nb7 14.f4 h6 15.Ne4 Qc6 16.Rab1 O-O
17.g4 Qa4 18.Bb2 Rfc8 19.Nd2 Na5 20.Rfc1 Qxa2 21.f5 Nb3 22.Nxb3 Qxb3 23.Ra1 cxd4
24.Ra3  1-0

[Event "FIDE WCh Women World Cup"]
[Site "Khanty-Mansiysk RUS"]
[Date "2012.11.21"]
[Round "4.2"]
[White "Harika,D"]
[Black "Zhao Xue"]
[Result "1/2-1/2"]
[WhiteElo "2512"]
[BlackElo "2565"]

1.d4 Nf6 2.c4 e6 3.Nc3 Bb4 4.f3 d5 5.a3 Bxc3+ 6.bxc3 c5 7.cxd5 Nxd5 8.dxc5 f5
9.Nh3 Qa5 10.e4 fxe4 11.fxe4 Nf6 12.Be2 O-O 13.O-O Qxc5+ 14.Kh1 Nc6 15.a4 Qxc3
16.Ra3 Qa5 17.Rd3 Ne5 18.Bd2 Qc5 19.Be3 Qe7 20.Rd4 Bd7 21.Ng5 Bc6 22.Bf4 Nfd7
23.Qd2 h6 24.Nh3 Ng6 25.Bd6 Rxf1+ 26.Bxf1 Qf6 27.Kg1 Nde5 28.a5 Nf7 29.Ba3 e5
30.Rb4 Nd6 31.Nf2 a6 32.Qe1 Nb5 33.Bc1 Nd4 34.Ng4 Qd6 35.Rb2 Bb5 36.Rf2 Bxf1
37.Qxf1 Rf8 38.Qc4+ Kh7 39.Rxf8 Nxf8 40.Be3 Nc6 41.h3 Qe6 42.Qc3 Nd7 43.Kh2 Qd6
44.Qb3 h5 45.Nf2 Nxa5 46.Qf7 Nf6 47.Bg5 Qd7 48.Qf8 Qe6 49.Qb4 b6 50.Nh1 Kg6
51.Bh4 Nb7 52.Ng3 Nc5 53.Qe1 Ncd7 54.Nf5 Kh7 55.Qe3 Qf7 56.Nd6 Qe6 57.Nf5 a5
58.Bg5 g6 59.Nh4 Nc5 60.Bh6 Ng8 61.Bg5 Qc6 62.Nf3 Qxe4 63.Qd2 Qd3 64.Qa2 Qb3
65.Qd2 e4 66.Qd8 exf3 67.Qc7+ Kh8 68.Qe5+ Kh7 69.Qc7+ Kh8 70.Qe5+ Kh7  1/2-1/2

[Event "2nd UNAM Open Section I 2012"]
[Site "Mexico City MEX"]
[Date "2012.11.22"]
[Round "2.11"]
[White "Torres Rosas,L"]
[Black "Ibarra Chami,L"]
[Result "1/2-1/2"]
[WhiteElo "2243"]
[BlackElo "2473"]

1.d4 Nf6 2.c4 e6 3.Nc3 Bb4 4.f3 d5 5.a3 Bxc3+ 6.bxc3 c5 7.cxd5 exd5 8.e3 O-O
9.Bd3 b6 10.Ne2 Ba6 11.O-O Bxd3 12.Qxd3 Re8 13.Ng3 Nc6 14.Ra2 Qd7 15.Re2 Rad8
16.Bb2 h5 17.Rd1 h4 18.Nf5 Ne7 19.Nxe7+ Rxe7 20.c4 cxd4 21.Bxd4 dxc4 22.Qxc4 Qf5
23.Red2 Red7 24.Qe2 Qa5 25.Rd3 Qa4 26.Qf2 Nd5 27.R1d2 Qc4 28.Bb2 Nf6 29.Rxd7 Rxd7
30.Rxd7 Nxd7 31.Qd2 Qe6 32.Bd4 f6 33.Qc2 Nb8 34.Qd2 Nc6 35.Bc3 b5 36.e4 Kf7
37.Qd3 a6 38.f4 Ke8 39.e5 fxe5 40.fxe5 Ne7 41.Qe4 Nf5 42.Bb4 Kf7 43.Bc5 g5
44.Bf2 Kg6 45.g4 hxg3 46.hxg3 Kf7 47.g4 Nh6 48.Qh7+ Ke8 49.Qh8+ Kd7 50.Qg7+ Nf7
51.Bg3 Kc6 52.Kg2 Kd5 53.Qg8 Kc4 54.Qh7 Qd5+ 55.Kh2 Kb3 56.Qf5 Nd8 57.e6 Qxe6
58.Qd3+ Ka2 59.Qxd8 Qe2+ 60.Kh3 Qf1+ 61.Kh2 Qe2+ 62.Kh3 Qf1+  1/2-1/2

[Event "British Rapidplay"]
[Site "Leeds ENG"]
[Date "2012.11.24"]
[Round "1.6"]
[White "Weller,Pierre"]
[Black "Hanley,C"]
[Result "1-0"]
[WhiteElo "2124"]
[BlackElo "2406"]

1.d4 Nf6 2.c4 e6 3.Nc3 Bb4 4.f3 d5 5.a3 Bxc3+ 6.bxc3 c5 7.cxd5 Nxd5 8.dxc5 Qa5
9.e4 Ne7 10.Be3 O-O 11.Qb3 Nd7 12.Bb5 Qc7 13.Bxd7 Bxd7 14.Ne2 Nc6 15.Rd1 e5
16.Rd6 Be6 17.Rxe6 fxe6 18.Qxe6+ Qf7 19.Qxf7+ Rxf7 20.Kf2 Rd8 21.Rb1 Rd3
22.Rb5 Rd1 23.Nc1 Rfd7 24.h3 Kf7 25.Ke2 Ke8 26.Rxb7 Rxb7 27.Kxd1 Na5 28.Nd3 Nc4
29.Bc1 a5 30.Kc2 Kd7 31.Bg5 Nxa3+ 32.Kd2 Nc4+ 33.Kc2 Kc6 34.f4 h6 35.Bd8 exf4
36.Nxf4 Rd7 37.Ne6 Rd2+ 38.Kb3 Ne5 39.Bxa5 Rxg2 40.Bb4 g5 41.Nd4+ Kb7 42.Nf5 h5
43.Ng7 g4 44.hxg4 h4 45.Ne6 Rxg4 46.Nd8+ Kc8  1-0

[Event "XXVI Belgrade Trophy 2012"]
[Site "Belgrade SRB"]
[Date "2012.11.25"]
[Round "2.15"]
[White "Milicevic,Pr2"]
[Black "Enchev,I"]
[Result "0-1"]
[WhiteElo "2158"]
[BlackElo "2411"]

1.d4 Nf6 2.c4 e6 3.Nc3 Bb4 4.f3 d5 5.a3 Bxc3+ 6.bxc3 O-O 7.Bg5 h6 8.Bh4 b6
9.e3 Ba6 10.cxd5 Bxf1 11.Kxf1 Nxd5 12.Qe1 Nxe3+ 13.Ke2 g5 14.Kxe3 gxh4 15.f4 c5
16.Nf3 cxd4+ 17.cxd4 Nc6 18.Qxh4 Qxh4 19.Nxh4 Rfd8 20.Nf3 Ne7 21.g4 Kf8 22.Rhc1 Rac8
23.h4 Nd5+ 24.Ke4 Nf6+ 25.Kd3 Nxg4 26.Ne5 h5 27.a4 Rc5 28.Rxc5 bxc5 29.Nc6 Rd7
30.Rb1 Rd6 31.Rb8+ Kg7 32.Rc8 Kf6 33.Kc3 cxd4+ 34.Nxd4 Ne3 35.a5 Nd5+ 36.Kb3 Nxf4
37.Nb5 Rd5 38.Ka4 a6 39.Nc7 Rd4+ 40.Ka3 e5 41.Nxa6 e4 42.Nb4 e3 43.Rc3 e2
44.Nc2 Rd2 45.Ne1 Rd1 46.Nf3 Rf1 47.Ka4 Rxf3 48.Rxf3 e1=Q 49.Rxf4+ Ke5 50.Rb4 Kd5
51.a6 Kc5 52.Rb7 Qa1+  0-1

[Event "TCh-SVK Extraliga 2012-13"]
[Site "Slovakia SVK"]
[Date "2012.11.25"]
[Round "4.3"]
[White "Schwarz,Du"]
[Black "Malinovsky,K"]
[Result "1-0"]
[WhiteElo "2305"]
[BlackElo "2396"]

1.d4 Nf6 2.c4 e6 3.f3 Bb4+ 4.Nc3 Nc6 5.e4 Bxc3+ 6.bxc3 b6 7.Bd3 Ba6 8.Nh3 Na5
9.Qe2 d6 10.O-O Qd7 11.a4 Nb3 12.Ra2 Nxc1 13.Rxc1 O-O 14.e5 dxe5 15.dxe5 Rfd8
16.Rd2 Bxc4 17.exf6 Bxd3 18.Qe3 gxf6 19.Rcd1 Qxa4 20.Rxd3 Rxd3 21.Rxd3 Kf8
22.Nf4 Qc4 23.h3 Qc5 24.Qxc5+ bxc5 25.c4 a5 26.Ra3 Ke7 27.Kf2 f5 28.Ke3 Kd6
29.Nd3 e5 30.g4 fxg4 31.hxg4 a4 32.Ke4 h5 33.gxh5 Rh8 34.Rxa4 Rxh5 35.Ke3 Rh4
36.Ra6+ c6 37.Ra4 f5 38.Nf2 Rd4 39.Ke2 Rh4 40.Nd1 e4 41.fxe4 Rxe4+ 42.Kf3 Ke5
43.Ne3 Rh4 44.Ra8 Rh3+ 45.Ke2 f4 46.Re8+ Kd4 47.Rd8+ Ke5 48.Nf1 Rh4 49.Nd2 Rh2+
50.Kd3 Rh3+ 51.Kc2 Rh2 52.Kc3 Rh3+ 53.Rd3 Rg3 54.Kc2 Rg2 55.Rf3 Kf5 56.Rd3 Ke5
57.Rd8 Rh2 58.Rc8 Rh6 59.Rf8 Rg6 60.Kd3 Rg3+ 61.Ke2 Re3+ 62.Kf2 Rc3 63.Rd8 Ra3
64.Ke2 Re3+ 65.Kf2 Ra3 66.Rc8 Ra2 67.Rd8 Ra3 68.Nf3+ Ke4 69.Nd2+ Ke5 70.Ke1 Ra1+
71.Ke2 Ra2 72.Rd3 Ra4 73.Kd1 Ra1+ 74.Kc2 Ra2+ 75.Kb3 Ra8 76.Rd7 Rf8 77.Re7+ Kd6
78.Re2 Rf5 79.Nf3 Rh5 80.Re4 Rf5 81.Kc3 Rf8 82.Kd3 Rf7 83.Re5 Ra7 84.Rf5 Ra3+
85.Ke2 Re3+ 86.Kf2 Re4 87.Nd2 Rd4 88.Ke2 f3+ 89.Rxf3 Kc7 90.Re3 Kb6 91.Re4 Rd8
92.Re5 Rd4 93.Kd1 Rh4 94.Kc2 Rh2 95.Rf5 Rg2 96.Kc3 Rg3+ 97.Rf3 Rg4 98.Nb3 Rg5
99.Nc1 Rh5 100.Nd3 Rg5 101.Re3 Rh5 102.Kb3 Rg5 103.Re6 Rg3 104.Kc2 Rg2+ 105.Kd1 Rg8
106.Ne5 Rc8 107.Kc2 Ka5 108.Nxc6+ Ka4 109.Kc3 Rc7 110.Re1  1-0

[Event "ch-Commonwealth 2012"]
[Site "Chennai IND"]
[Date "2012.12.01"]
[Round "11"]
[White "Akshayraj,K"]
[Black "Vijayalakshmi,S"]
[Result "1-0"]
[WhiteElo "2459"]
[BlackElo "2400"]

1.d4 Nf6 2.c4 e6 3.Nc3 Bb4 4.f3 c5 5.d5 d6 6.e4 O-O 7.Bd3 b5 8.Ne2 exd5 9.cxd5 c4
10.Bc2 Bc5 11.Nxb5 Nh5 12.Nbd4 Qh4+ 13.g3 Qh3 14.Kf2 Nf6 15.Be3 Na6 16.Nf4 Qd7
17.h4 Rb8 18.Rb1 Qc7 19.Qe2 Nd7 20.Nc6 Bxe3+ 21.Qxe3 Rb6 22.Kg2 Ne5 23.Nd4 Nb4
24.Ba4 Nxa2 25.h5 h6 26.g4 Nb4 27.Rhc1 Qe7 28.Bb5 Qg5 29.Bxc4 Nxc4 30.Rxc4 Ba6
31.Rc3 Nd3 32.Kg3 Nxb2 33.Rbc1 Na4 34.Rc7 Ra8 35.Nf5 Rab8 36.Rxf7 Kxf7 37.Rc7+ Kg8
38.Rxg7+ Qxg7 39.Nxg7 Kxg7 40.Qd4+ Kh7 41.Qxa4 R8b7 42.Qe8 Rg7 43.Ne6 Bb5
44.Nf8+ Kg8 45.Nd7+  1-0

[Event "4th London Classic Open"]
[Site "London ENG"]
[Date "2012.12.01"]
[Round "1"]
[White "Jakobsen,Alf Gjoran"]
[Black "Grant,J"]
[Result "0-1"]
[WhiteElo "1901"]
[BlackElo "2217"]

1.d4 Nf6 2.c4 e6 3.Nc3 Bb4 4.f3 d5 5.e3 c5 6.a3 Bxc3+ 7.bxc3 O-O 8.Bd3 Nc6
9.Ne2 Qc7 10.O-O dxc4 11.Bxc4 Rd8 12.Qc2 b6 13.Bb2 Na5 14.Ba2 Ba6 15.Rac1 Nd5
16.Qd2 Bc4 17.Ra1 Bxa2 18.Rxa2 Nc4 19.Qd3 Ndxe3 20.Re1 Nxb2 21.Rxb2 Nf5 22.Qe4 Rdc8
23.Rc1 Qd6 24.g4 Ne7 25.a4 Nc6 26.Kg2 Na5 27.Rb5 cxd4 28.Nxd4 Rc4 29.Qc2 g6
30.Qa2 Qf4 31.Rc2 Rac8 32.Rbb2 Rxc3  0-1

[Event "4th London Classic Open"]
[Site "London ENG"]
[Date "2012.12.05"]
[Round "5"]
[White "Eden,T"]
[Black "Croad,N"]
[Result "0-1"]
[WhiteElo "2172"]
[BlackElo "2282"]

1.d4 Nf6 2.c4 e6 3.Nc3 Bb4 4.f3 O-O 5.e4 d5 6.e5 Nfd7 7.cxd5 exd5 8.a3 Bxc3+
9.bxc3 f6 10.exf6 Qxf6 11.Bd3 Nb6 12.Ne2 Bf5 13.O-O Nc6 14.Bf4 Rf7 15.Re1 Bxd3
16.Qxd3 Re8 17.Bg3 Rfe7 18.Bf2 Na5 19.Ng3 Rxe1+ 20.Bxe1 Nac4 21.Bd2 a5 22.Nf1 c6
23.Rb1 Re7  0-1

[Event "ch-IRI 2012"]
[Site "Zahedan IRI"]
[Date "2012.12.09"]
[Round "4.13"]
[White "Aghaei,Alireza"]
[Black "Khajavi,A"]
[Result "1-0"]
[WhiteElo "2188"]
[BlackElo "2110"]

1.d4 Nf6 2.c4 e6 3.Nc3 Bb4 4.f3 d5 5.a3 Bxc3+ 6.bxc3 c5 7.cxd5 exd5 8.e3 Bf5
9.Ne2 O-O 10.Nf4 Re8 11.Be2 cxd4 12.cxd4 Nc6 13.g4 Bc8 14.h4 Qd6 15.Kf2 Be6
16.Bd2 Nd7 17.Bd3 Nf8 18.h5 f6 19.Qb3 Bf7 20.Rac1 Rab8 21.Kg2 Re7 22.Kf2 Rbe8
23.Ne2 g6 24.Nf4 g5 25.Ne2 Kh8 26.Ng3 Be6 27.Rc2 Nd7 28.Nf5 Bxf5 29.gxf5 Nb6
30.a4 Qd7 31.Rc5 Nc4 32.Bxc4 dxc4 33.Qxc4 Nxd4 34.Rd5 Nxf5 35.Rxd7 Rxd7 36.Bc3 Kg7
37.h6+ Kg6 38.Qg4  1-0

[Event "TCh-BEL 2012-13"]
[Site "Belgium BEL"]
[Date "2012.12.16"]
[Round "6.6"]
[White "Meessen,R"]
[Black "Wantola,I"]
[Result "0-1"]
[WhiteElo "2276"]
[BlackElo "2330"]

1.d4 Nf6 2.c4 e6 3.Nc3 Bb4 4.f3 d5 5.a3 Bxc3+ 6.bxc3 c5 7.cxd5 Nxd5 8.Qd3 cxd4
9.cxd4 b6 10.e4 Ba6 11.Qd2 Bxf1 12.Kxf1 Ne7 13.Ne2 O-O 14.h4 Nbc6 15.h5 h6
16.Bb2 Na5 17.Qd3 Rc8 18.Rh3 Qd7 19.Rg3 f6 20.a4 Rc5 21.Nf4 Rg5 22.Rh3 Rc8
23.Rc1 Rxc1+ 24.Bxc1 Qxa4 25.Nxe6 Qb5 26.Qxb5 Rxb5 27.Ba3 Kf7 28.d5 Nxd5
29.exd5 Nc4 30.Rg3 Rxd5 31.Rxg7+ Kxe6 32.Re7+ Kf5 33.Bb4 a5 34.Be1 Re5 35.Rh7 Ne3+
36.Kf2 Nxg2 37.Bc3 Rc5 38.Bd4 Rc2+ 39.Kf1 Nf4 40.Rxh6 Kg5 41.Rxf6 Rd2 42.Rd6 Kxh5
43.Ke1 Rd3 44.Rd8 b5 45.Bb6 Rxd8 46.Bxd8 a4 47.Be7 Kg6 48.Kd2 Kf5 49.Kc2 Ke5
50.Kb2 Nd5 51.Bg5 Kd4 52.f4 Ke4 53.Ka3 Kf5 54.Bh6 Nc7 55.Bf8 Nd5 56.Bd6 Kf6
57.Be5+ Ke6 58.Bb8 Kd7 59.Be5 Ne3  0-1

[Event "19th Zadar Open A"]
[Site "Zadar CRO"]
[Date "2012.12.20"]
[Round "7.10"]
[White "Jakovljevic,Vlado"]
[Black "Kurajica,B"]
[Result "1-0"]
[WhiteElo "2404"]
[BlackElo "2565"]

1.d4 Nf6 2.c4 e6 3.Nc3 Bb4 4.f3 d5 5.a3 Bxc3+ 6.bxc3 c6 7.e4 dxe4 8.fxe4 e5
9.Nf3 Nxe4 10.Qc2 f5 11.Bd3 O-O 12.O-O exd4 13.cxd4 Be6 14.Bb2 Nd7 15.Rae1 Ndf6
16.Ne5 h5 17.h3 Qc7 18.Re3 Nd7 19.Ng6 Rfe8 20.Bxe4 fxe4 21.Rxe4 Qg3 22.Ref4 Nf8
23.Ne5 Nd7 24.R4f3 Qg5 25.Nxd7 Bxd7 26.Qf2 Re7 27.Bc1  1-0

[Event "5th Marseille Open"]
[Site "Marseille FRA"]
[Date "2012.12.26"]
[Round "2.35"]
[White "Kaser,S"]
[Black "Salvi,Michel"]
[Result "0-1"]
[WhiteElo "1782"]
[BlackElo "1588"]

1.d4 Nf6 2.c4 e6 3.Nc3 Bb4 4.f3 d5 5.a3 Bxc3+ 6.bxc3 c5 7.Qd3 Nc6 8.Bf4 cxd4
9.cxd4 Nh5 10.Be3 f5 11.Bf2 Qa5+ 12.Qd2 Qxd2+ 13.Kxd2 Na5 14.Kc3 Nxc4 15.e4 b5
16.Ne2 fxe4 17.fxe4 Nf6 18.Ng3 O-O 19.Bd3 Bb7 20.e5 Ng4 21.Be1 Rac8 22.Kb3 Nf2
23.Bxf2 Rxf2 24.Ne2 a5 25.a4 b4 26.Rac1 Ba6 27.Rc2 Rcf8 28.Nc1 Rxc2 29.Bxc2 Rf2
30.g3 Nd2+ 31.Kb2 Bc4 32.h4 b3 33.Bd1 Nf3+  0-1

[Event "5th Marseille Open"]
[Site "Marseille FRA"]
[Date "2012.12.28"]
[Round "5.23"]
[White "Kaser,S"]
[Black "Chauvet,V"]
[Result "0-1"]
[WhiteElo "1782"]
[BlackElo "2146"]

1.d4 Nf6 2.c4 e6 3.Nc3 Bb4 4.f3 d5 5.a3 Bxc3+ 6.bxc3 c5 7.Be3 O-O 8.Bf2 Qa5
9.Qd2 dxc4 10.e4 b5 11.Nh3 Nc6 12.Nf4 Rd8 13.d5 exd5 14.Nxd5 Nxd5 15.exd5 Be6
16.d6 b4 17.Qc2 Rxd6 18.Be2 b3 19.Qb2 Rad8 20.Rd1 Rxd1+ 21.Bxd1 Ne5 22.Be2 Nd3+
23.Bxd3 Rxd3 24.Ke2 Qc7 25.Bg3 Qd8 26.Bf4 Qf6 27.Bd2 Bh3 28.Rf1 Bxg2 29.Rf2 Qe5+  0-1

[Event "Pan-Am Intercollegiate 2012"]
[Site "Princeton USA"]
[Date "2012.12.28"]
[Round "2"]
[White "Hughes,T"]
[Black "Widener,A"]
[Result "0-1"]
[WhiteElo "2280"]
[BlackElo "1989"]

1.d4 Nf6 2.c4 e6 3.Nc3 Bb4 4.f3 d5 5.a3 Bxc3+ 6.bxc3 c5 7.cxd5 Nxd5 8.Qd3 O-O
9.e4 Ne7 10.Bb2 Nec6 11.f4 Qc7 12.e5 Ne7 13.Nf3 b6 14.Ng5 g6 15.Qh3 h5 16.Bd3 Ba6
17.Bxa6 Nxa6 18.Rc1 Qc6 19.O-O Kg7 20.Qd3 Nc7 21.Ne4 c4 22.Qe2 Nf5 23.Nd2 b5
24.a4 Rfc8 25.axb5 Nxb5 26.Rf3 Rab8 27.Ne4 a5 28.Nf6 Nc7 29.Ba3 Rb3 30.Bc5 Na6
31.Ne4 Qb5 32.Bd6 a4 33.Rff1 Nc7 34.Bxc7 Rxc7 35.Nc5 Rb2 36.Qe4 a3 37.Rfe1 Rc8
38.Ra1 a2 39.Rec1 Rb8 40.Qe1 Qc6 41.Ne4 Nh4 42.d5 Qxd5 43.Rd1 Rxg2+ 44.Kf1 Qa8
45.Rd7 Rg1+ 46.Kxg1 Nf3+ 47.Kf1 Nxe1 48.Ng5 Qh1+ 49.Ke2 Rb2+ 50.Ke3 Qg1+
51.Ke4 Re2+  0-1

[Event "Pan-Am Intercollegiate 2012"]
[Site "Princeton USA"]
[Date "2012.12.29"]
[Round "4"]
[White "Hughes,T"]
[Black "Wang,E"]
[Result "1/2-1/2"]
[WhiteElo "2280"]
[BlackElo "2139"]

1.d4 Nf6 2.c4 e6 3.Nc3 Bb4 4.f3 c5 5.a3 Bxc3+ 6.bxc3 O-O 7.e4 Ne8 8.f4 Nc6
9.Nf3 b6 10.Bd3 Ba6 11.e5 f6 12.Qc2 h6 13.Qe2 cxd4 14.cxd4 Na5 15.Bd2 Nb3
16.Rd1 Nxd2 17.Rxd2 Rc8 18.Rc2 d6 19.O-O Rf7 20.exf6 Qxf6 21.Qe4 Qxf4 22.Qxe6 Nc7
23.Qg6 Kf8 24.Rcf2 Qe3 25.Ne5 Rf4 26.Nd7+ Kg8 27.Qh7+ Kf7 28.Bg6+ Ke6 29.Qxg7 Bxc4
30.Bf7+ Kxd7 31.Bxc4+ Kc6 32.Qxh6 Rcf8 33.g3 R8f6 34.Qxf4 Rxf4 35.gxf4 d5
36.Ba2 Ne8 37.Kh1 Nf6 38.Rg2 Qxd4 39.f5 Qd3 40.Rc1+ Kd6 41.Bb1 Qf3 42.Re1 Ne4
43.Bxe4 dxe4 44.Kg1 Qxf5 45.Rge2 Qg4+ 46.Rg2 Qf3 47.Rg3 Qf4 48.Rge3 Kd5 49.Rxe4 Qxe4
50.Rxe4 Kxe4 51.Kf2 b5 52.Ke2 a5 53.Kd2 Kf3 54.Kd3 Kg4 55.Kd4 Kh3 56.Kc5 b4
57.axb4 axb4  1/2-1/2

[Event "XLII Rilton Cup"]
[Site "Stockholm SWE"]
[Date "2013.01.01"]
[Round "5.31"]
[White "Lokander,M"]
[Black "Wenzel,B"]
[Result "1-0"]
[WhiteElo "2226"]
[BlackElo "2092"]

1.d4 Nf6 2.c4 e6 3.Nc3 Bb4 4.f3 Nc6 5.e4 d5 6.cxd5 exd5 7.e5 Ng8 8.Be3 Nge7
9.Qd2 Ba5 10.Bb5 O-O 11.Nge2 f6 12.exf6 Rxf6 13.O-O Be6 14.a3 Bb6 15.Bxc6 bxc6
16.Rfe1 Qd6 17.Bf4 Qd7 18.b4 Ng6 19.Bg3 Rff8 20.Nc1 a5 21.Nb3 Bf5 22.Na4 axb4
23.Nac5 Bxc5 24.Nxc5 Qf7 25.Qxb4 Rfb8 26.Qc3 Nf8 27.a4 Bc8 28.Nd3 Bb7 29.a5 Ne6
30.Nb4 c5 31.dxc5 d4 32.Qc4 Re8 33.a6 Bc8 34.a7 Kf8 35.Nd3 c6 36.Ne5 Rxa7
37.Nxf7  1-0

[Event "25th Staufer Open"]
[Site "Schwaebisch Gmuend GER"]
[Date "2013.01.02"]
[Round "1.36"]
[White "Michna,Marc"]
[Black "Hahn,Markus"]
[Result "0-1"]
[WhiteElo "1814"]
[BlackElo "2211"]

1.d4 Nf6 2.c4 e6 3.Nc3 Bb4 4.f3 d5 5.a3 Bxc3+ 6.bxc3 c5 7.e3 Nc6 8.Bd3 O-O
9.Ne2 Qc7 10.O-O Rd8 11.cxd5 exd5 12.e4 cxd4 13.exd5 Nxd5 14.cxd4 Be6 15.Kh1 Rac8
16.Qd2 Re8 17.Bb2 Qd7 18.f4 Bf5 19.Bb5 Ne3 20.Rf3 Nxg2 21.Ng3 Nh4 22.d5 Nxf3
23.Qc3 Ncd4 24.Bxd7 Rxc3 25.Bxe8 Rc2  0-1

[Event "25th Staufer Open"]
[Site "Schwaebisch Gmuend GER"]
[Date "2013.01.05"]
[Round "7.24"]
[White "Schwab,Mat"]
[Black "Pogan,N"]
[Result "0-1"]
[WhiteElo "2058"]
[BlackElo "2239"]

1.d4 Nf6 2.c4 e6 3.Nc3 Bb4 4.f3 c5 5.a3 Bxc3+ 6.bxc3 O-O 7.e4 b6 8.Bd3 Nc6
9.Ne2 Ne8 10.O-O Ba6 11.f4 f5 12.e5 d6 13.d5 Na5 14.g4 g6 15.dxe6 Qe7 16.gxf5 gxf5
17.Ng3 Ng7 18.Be4 fxe4 19.f5 dxe5 20.Qg4 Bxc4 21.Bg5 Qc7 22.e7 Rf7 23.f6 Be6
24.Qxe4 Qc6 25.fxg7 Bd5 26.Qh4 Bf3 27.Rxf3 Rxf3 28.Rd1 Nb7 29.Nh5 Qg6 30.Qc4+ Rf7
31.Rd8+ Rxd8 32.exd8=Q+ Nxd8 33.h4 Qxh5 34.Qd5 Qg4+  0-1

[Event "25th Staufer Open"]
[Site "Schwaebisch Gmuend GER"]
[Date "2013.01.06"]
[Round "9.24"]
[White "Schwab,Mat"]
[Black "Braun,P"]
[Result "0-1"]
[WhiteElo "2058"]
[BlackElo "2236"]

1.d4 Nf6 2.c4 e6 3.Nc3 Bb4 4.f3 d5 5.a3 Bxc3+ 6.bxc3 c5 7.cxd5 Nxd5 8.dxc5 Qa5
9.e4 Ne7 10.Be3 O-O 11.Qb3 Nd7 12.Rd1 Nc6 13.Kf2 Nxc5 14.Qb5 Na4 15.Qxa5 Nxa5
16.Rd6 e5 17.Rd5 Nc6 18.Ne2 Be6 19.c4 Rfc8 20.Ng3 Bxd5 21.cxd5 Nd4  0-1

[Event "11th Parsvnath Open"]
[Site "New Delhi IND"]
[Date "2013.01.07"]
[Round "4.1"]
[White "Aleksandrov,A"]
[Black "Panchanathan,M"]
[Result "0-1"]
[WhiteElo "2607"]
[BlackElo "2580"]

1.d4 Nf6 2.c4 e6 3.Nc3 Bb4 4.f3 d5 5.a3 Bxc3+ 6.bxc3 c5 7.cxd5 Nxd5 8.dxc5 Qa5
9.e4 Nf6 10.Be3 O-O 11.Kf2 Nfd7 12.Rb1 Rd8 13.Qb3 Qc7 14.Rd1 Rf8 15.Qb4 Nc6
16.Qa4 Na5 17.Qd4 Nc6 18.Qa4 Na5 19.Qd4 Nc6 20.Qd2 Rd8 21.Qb2 Nce5 22.Bb5 b6
23.cxb6 axb6 24.Ne2 Ba6 25.Bxa6 Rxa6 26.Qb5 Rda8 27.Rd2 Ra5 28.Qb4 Nc5 29.Qd4 Ra4
30.Qd6 Ng4+ 31.Kg3 Qxd6+ 32.Rxd6 Nxe3 33.Rxb6 Rxa3 34.Rhb1 g6 35.Rc6 Nd3
36.f4 e5 37.f5 gxf5 38.Kf3 f4 39.g3 Ra1 40.Rcb6 Nc4  0-1

[Event "Prague Open A 2013"]
[Site "Prague CZE"]
[Date "2013.01.09"]
[Round "1.14"]
[White "Cafolla,P"]
[Black "Kulhanek,T"]
[Result "0-1"]
[WhiteElo "2027"]
[BlackElo "2388"]

1.d4 Nf6 2.c4 e6 3.Nc3 Bb4 4.f3 d5 5.a3 Be7 6.cxd5 exd5 7.e3 O-O 8.Bd3 Re8
9.Nge2 Bf8 10.O-O c6 11.Qc2 b6 12.e4 h6 13.e5 Nfd7 14.Qb3 Ba6 15.Bb1 Be7
16.f4 Nf8 17.Rd1 c5 18.dxc5 Bxc5+ 19.Kh1 Nc6 20.Qa4 Bb7 21.b4 Bf2 22.Ne4 Nd4
23.Nxf2 Nxe2 24.Qc2 Nxc1 25.Qxc1 Qh4 26.Qd2 Rac8 27.g3 Qh5 28.Qd3 Rc3 29.g4 Qh4
30.Qd2 Rf3 31.Kg1 Rxf2 32.Bh7+ Nxh7 33.Qxf2 Qxg4+ 34.Qg3 Qf5 35.Rd2 Nf8 36.a4 d4
37.Rxd4 Ne6 38.Rd2 Nxf4 39.Rf1 Nh3+  0-1

[Event "Prague Open A 2013"]
[Site "Prague CZE"]
[Date "2013.01.13"]
[Round "6.1"]
[White "Biolek,R1"]
[Black "Agdestein,S"]
[Result "1-0"]
[WhiteElo "2399"]
[BlackElo "2555"]

1.d4 Nf6 2.c4 e6 3.Nc3 Bb4 4.f3 d5 5.a3 Bxc3+ 6.bxc3 c5 7.cxd5 exd5 8.e3 c4
9.g3 Nc6 10.Nh3 Na5 11.Bg2 Nb3 12.Ra2 Qa5 13.Bd2 O-O 14.O-O Re8 15.Nf2 Bf5
16.Re1 Re7 17.e4 dxe4 18.fxe4 Bg6 19.Qf3 Rd8 20.h4 h5 21.Re2 Nxd2 22.Raxd2 Qxa3
23.Ra2 Qc1+ 24.Kh2 b5 25.Rac2 Qh6 26.Rb2 a6 27.Ra2 Ra7 28.e5 Ng4+ 29.Nxg4 hxg4
30.Qc6 Bd3 31.Qc5 Rad7 32.e6 fxe6 33.Re5 Rf7 34.d5 exd5 35.Bxd5 Bg6 36.Rf2 Rf8
37.Rg5 Kh7 38.Bxf7 Rxf7 39.Rxf7 Bxf7 40.Qf5+ Kg8 41.Qc8+ Kh7 42.Qxg4 Kg8
43.Qd4 Be6 44.Qd8+ Kf7 45.Qc7+ Kg8 46.Qb8+ Kf7 47.Qa7+ Kf6 48.Qf2+ Ke7 49.Qa7+ Kf6
50.Qxa6 Qh7 51.Qa2 Qe4 52.Qf2+ Ke7 53.Rxg7+ Ke8 54.Qg2  1-0